|
|
|
|
| LEADER |
00895cam a2200229 7i4500 |
| 001 |
0000017233 |
| 005 |
20060614090000.0 |
| 020 |
0 |
0 |
|a 983-99911-6-4
|
| 090 |
0 |
0 |
|a M 338.9595
|b MAL
|
| 110 |
2 |
0 |
|a Prime Minister's Department
|
| 245 |
0 |
0 |
|a Ninth Malaysia Plan 2006 - 2010.
|
| 260 |
0 |
0 |
|a Putrajaya:
|b Economic Planning Unit, Prime Minister's Department,
|c 2006.
|
| 300 |
# |
# |
|a 559 p.
|
| 650 |
0 |
0 |
|a Malaysia --
|x Economic development
|
| 650 |
0 |
0 |
|a Ninth Malaysia Plan --
|x Policy
|
| 651 |
0 |
0 |
|a Malaysia
|
| 999 |
|
|
|a B000018613
|b Book
|c Malaysia
|e Business Information Centre
|
| 999 |
|
|
|a B000020190
|b Book
|c Malaysia
|e Business Information Centre
|
| 999 |
|
|
|a B000020191
|b Book
|c Malaysia
|e Business Information Centre
|
| 999 |
|
|
|a B000020192
|b Book
|c Malaysia
|e Business Information Centre
|
| 999 |
|
|
|a B000020193
|b Book
|c Malaysia
|e Business Information Centre
|
| 999 |
|
|
|a SRW000005B
|b Book
|c Malaysia
|e MATRADE Sarawak
|